[Event "Mechanics' Fall TNM; G/2"]
[Site "San Francisco"]
[Date "2016.11.15"]
[Round "5.25"]
[White "Erdenebileg, Erkhes"]
[Black "Paquette, James"]
[Result "0-1"]
[WhiteElo "1365"]
[BlackElo "1767"]
[Annotator "Donaldson"]
[PlyCount "78"]
[EventDate "2016.??.??"]

1. e4 d6 2. d4 Nf6 3. Nc3 Nbd7 4. Nf3 e5 5. d5 ({The traditional} 5. Bc4 {
and the modern}) (5. g4 {are the main tries here.}) 5... h6 6. h3 Be7 7. Bd3
Nf8 8. O-O g5 9. Re1 Ng6 10. Bb5+ Bd7 11. Qe2 a6 12. Bxd7+ Qxd7 13. Be3 g4 14.
hxg4 Qxg4 15. Nh2 Qxe2 16. Rxe2 Nf4 17. Bxf4 exf4 18. f3 O-O-O 19. e5 dxe5 20.
Rxe5 Bc5+ 21. Kh1 Bd4 22. Rf5 Bxc3 23. bxc3 Nxd5 24. c4 Ne3 25. Rxf4 Nxc2 26.
Rc1 Nb4 27. Rxf7 Nxa2 28. Ra1 Nc3 29. Kg1 Rd4 30. Ra5 Rxc4 31. g4 Ne2+ 32. Kf1
Rc2 33. Rh5 Ng3+ 34. Kg1 Nxh5 35. gxh5 Rg8+ 36. Ng4 Rd8 37. Nf2 Rdd2 38. Rf8+
Kd7 39. Rf7+ Ke6 0-1

[Event "Mechanics' Spring TNM; G/2"]
[Site "San Francisco"]
[Date "2016.04.12"]
[Round "5.40"]
[White "Erdenebileg, Erkhes"]
[Black "Yamamoto, Craig"]
[Result "0-1"]
[WhiteElo "1177"]
[BlackElo "1617"]
[PlyCount "56"]
[EventDate "2016.??.??"]

1. e4 c5 2. Nf3 d6 3. d4 cxd4 4. Nxd4 Nf6 5. Nc3 a6 6. Be3 Nc6 7. Qd2 g6 8.
O-O-O Bg7 9. Bc4 Qc7 10. Bh6 O-O 11. Bxg7 Kxg7 12. h3 Bd7 13. f4 b5 14. Bd5 b4
15. Nce2 a5 16. f5 Nxd5 17. exd5 Ne5 18. fxg6 hxg6 19. Nf3 Nxf3 20. gxf3 Qc4
21. Qd4+ Qxd4 22. Nxd4 Rh8 23. h4 Rh5 24. Ne2 Rah8 25. Rd4 Rf5 26. Re4 Kf6 27.
Nd4 Rxd5 28. Rf4+ Kg7 0-1

[Event "Mechanics' Spring TNM; G/2"]
[Site "San Francisco"]
[Date "2016.04.05"]
[Round "4.44"]
[White "Erickson, Lane"]
[Black "Donaldson, Kyle Ga"]
[Result "0-1"]
[WhiteElo "1451"]
[BlackElo "1434"]
[PlyCount "40"]
[EventDate "2016.??.??"]

1. e4 e5 2. Nf3 Nf6 3. Nc3 d5 4. exd5 Nxd5 5. Bc4 Nb6 6. Nxe5 Nxc4 7. Nxc4 Be6
8. Ne3 Nc6 9. O-O Qd7 10. d3 a5 11. b3 Ne5 12. d4 Ng4 13. d5 Nxe3 14. fxe3 Bg4
15. Qd3 O-O-O 16. e4 Bd6 17. h3 Bc5+ 18. Be3 Qd6 19. Rxf7 Bxh3 20. Bxc5 Qg6 0-1

[Event "Mechanics' Spring TNM; G/2"]
[Site "San Francisco"]
[Date "2016.04.26"]
[Round "7.44"]
[White "Erickson, Lane Aus"]
[Black "Aafjes, Marc"]
[Result "1-0"]
[WhiteElo "1451"]
[BlackElo "1311"]
[Annotator "Donaldson"]
[PlyCount "70"]
[EventDate "2016.??.??"]

1. c4 e5 2. Nc3 Nc6 3. Nf3 b6 (3... Nf6) 4. d4 exd4 5. Nxd4 Bb7 6. e4 Qf6 7.
Ndb5 O-O-O {Diagram [#]} 8. Nxc7 $1 Bc5 9. f4 Qd4 10. Qxd4 $2 (10. Qe2 $16)
10... Nxd4 $17 11. N7b5 Nc2+ 12. Kd2 Nxa1 13. Nxa7+ Kb8 14. Nab5 Nf6 15. Bd3
Rhe8 16. Re1 Bb4 17. e5 Ng4 18. h3 Nh6 19. g4 g6 20. b3 d5 $1 21. Ba3 Nxb3+ (
21... dxc4 22. bxc4 Bxa3 23. Nxa3 f6 $19) 22. axb3 Bxa3 $2 (22... dxc4 23. bxc4
Bxa3 24. Nxa3 f6 $17) 23. Nxa3 dxc4 24. Nxc4 Ba6 $2 (24... f6) 25. Ra1 Bxc4 26.
bxc4 f5 27. g5 Rd7 28. gxh6 Red8 29. Nd5 b5 30. Rb1 Rxd5 31. cxd5 Rxd5 32.
Rxb5+ Rxb5 33. Bxb5 Kc7 34. Be8 g5 35. fxg5 f4 1-0

[Event "Mechanics' Spring TNM; G/2"]
[Site "San Francisco"]
[Date "2016.04.12"]
[Round "5.48"]
[White "Erickson, Lane Aus"]
[Black "Boldi, Nicholas Ar"]
[Result "1/2-1/2"]
[WhiteElo "1451"]
[BlackElo "964"]
[Annotator "Winslow"]
[PlyCount "63"]
[EventDate "2016.??.??"]

1. c4 e5 2. Nc3 Nf6 3. g3 Nc6 4. Bg2 Bc5 5. Nf3 O-O 6. O-O Re8 7. e3 d6 8. d4
Bb6 9. Re1 exd4 10. exd4 Rxe1+ 11. Qxe1 Nxd4 12. Nxd4 Bxd4 13. Nd5 Nxd5 14.
Bxd5 c6 15. Be4 d5 16. cxd5 cxd5 17. Bxd5 Bf5 18. Bxb7 Rb8 19. Ba6 Bxb2 20.
Bxb2 Rxb2 21. Rd1 Qf8 22. Qe5 Rxa2 23. Bc4 Rc2 24. Bb3 Rc5 25. Bxf7+ $4 Kxf7
26. Qf4 Kg8 27. Qd2 Rc2 28. Qd5+ Qf7 29. Qd8+ Qf8 30. Qd5+ Qf7 31. Qd8+ Qf8 32.
Qd5+ 1/2-1/2

[Event "Mechanics' Fall TNM; G/2"]
[Site "San Francisco"]
[Date "2016.11.01"]
[Round "3.12"]
[White "Erickson, Lane Aus"]
[Black "Clemens, Kristian"]
[Result "0-1"]
[WhiteElo "1558"]
[BlackElo "1944"]
[PlyCount "42"]
[EventDate "2016.??.??"]

1. d4 d5 2. c4 e6 3. Nc3 Nf6 4. cxd5 exd5 5. Bg5 Be7 6. e3 c6 7. Qc2 Be6 8. Bd3
h6 9. Bh4 Nbd7 10. Nge2 O-O 11. f3 c5 12. Qd2 cxd4 13. Nxd4 Ne5 14. Be2 Rc8 15.
Nxe6 fxe6 16. Nb5 Nc4 17. Bxc4 Rxc4 18. Bxf6 Bxf6 19. Nxa7 Qb6 20. e4 Qxa7 21.
exd5 Rd4 0-1

[Event "Mechanics' Spring TNM; G/2"]
[Site "San Francisco"]
[Date "2016.03.29"]
[Round "3.46"]
[White "Erickson, Lane Aus"]
[Black "Cowgill, Jackie"]
[Result "1-0"]
[WhiteElo "1451"]
[BlackElo "956"]
[PlyCount "55"]
[EventDate "2016.??.??"]

1. g3 d5 2. Nf3 Bg4 3. Bg2 Bxf3 4. Bxf3 Nf6 5. c4 e6 6. O-O Be7 7. Nc3 c6 8. d3
O-O 9. cxd5 exd5 10. Bd2 Qd7 11. Rc1 Ng4 12. Na4 Nxh2 13. Kxh2 Qe8 14. d4 Nd7
15. Rh1 Rc8 16. Qc2 Nf6 17. Kg2 Qd7 18. Rh4 Ne4 19. Bg4 Qd6 20. Rh2 Ra8 21.
Rch1 Qf6 22. f3 Ng5 23. Bxg5 Qg6 24. Rxh7 f5 25. Bxe7 Rfe8 26. Bxf5 Qxf5 27.
Qxf5 Rxe7 28. Rh8# 1-0

[Event "Mechanics' Spring TNM; G/2"]
[Site "San Francisco"]
[Date "2016.03.15"]
[Round "1.22"]
[White "Erickson, Lane Aus"]
[Black "Krasnov, Steven Le"]
[Result "0-1"]
[WhiteElo "1451"]
[BlackElo "1993"]
[PlyCount "94"]
[EventDate "2016.??.??"]

1. d4 Nf6 2. c4 e6 3. Nc3 c5 4. e3 Nc6 5. g3 cxd4 6. exd4 Bb4 7. Nge2 O-O 8.
Bg2 d5 9. cxd5 exd5 10. O-O h6 11. Be3 Re8 12. Nf4 Bxc3 13. bxc3 Ne7 14. Qb3 b6
15. Rae1 $2 Ba6 16. Ne2 Nf5 17. Qa3 Bc4 18. Qc1 Ng4 19. Nf4 Ngxe3 20. fxe3 Bxa2
21. Qc2 Nxe3 22. Qxa2 Nxf1 23. Rxe8+ Qxe8 24. Bxf1 Qe3+ 25. Kh1 Qf3+ 26. Qg2
Qxc3 27. Qxd5 Re8 28. Ng6 Qe1 29. Kg2 Qe4+ 30. Qxe4 Rxe4 31. Ne5 Rxd4 32. Bc4
Re4 33. Bxf7+ Kf8 34. Nc4 b5 35. Nd6 Rd4 36. Nxb5 Rd2+ 37. Kh3 Kxf7 38. Nxa7
Ke6 39. Nb5 Rd3 40. Kg4 Kd7 41. Kf4 Kc6 42. Ke4 Rd2 43. Nd4+ Kd7 44. h4 Ke7 45.
h5 Kf6 46. g4 Kg5 47. Ke3 Rxd4 0-1

[Event "Mechanics' Fall TNM; G/2"]
[Site "San Francisco"]
[Date "2016.11.29"]
[Round "7.21"]
[White "Erickson, Lane Aus"]
[Black "Newey, Richard"]
[Result "0-1"]
[WhiteElo "1558"]
[BlackElo "1773"]
[Annotator "Donaldson"]
[PlyCount "32"]
[EventDate "2016.??.??"]

1. e4 c5 2. c3 d5 3. e5 d4 (3... Bf5) (3... Nc6 4. d4 cxd4 5. cxd4 Bf5) 4. cxd4
cxd4 5. Qa4+ (5. Nf3) 5... Nc6 6. Bb5 Qd5 (6... Bd7) 7. Nf3 Bg4 8. Bxc6+ bxc6 {
Diagram [#]} 9. Qxd4 $4 (9. Nc3 $1 Qe6 10. Nxd4 Qxe5+ 11. Nde2 Bd7 12. d4 Qc7
13. O-O Nf6 14. Bf4 Qb7 15. Be5 $14) 9... Bxf3 10. Qxd5 Bxd5 11. O-O e6 12. b3
Bc5 13. Bb2 Ne7 14. d4 Bb6 15. Na3 Nf5 16. Rfd1 Rd8 0-1

[Event "Mechanics' Fall TNM; G/2"]
[Site "San Francisco"]
[Date "2016.12.13"]
[Round "9.22"]
[White "Erickson, Lane Aus"]
[Black "Paquette, James"]
[Result "1-0"]
[WhiteElo "1558"]
[BlackElo "1767"]
[PlyCount "111"]
[EventDate "2016.??.??"]

1. e4 d6 2. d4 Nf6 3. Nc3 Nbd7 4. Nf3 e5 5. g4 Nxg4 6. Rg1 Ngf6 7. Bc4 h6 8.
Be3 c6 9. Qd3 Qc7 10. O-O-O Nb6 11. dxe5 Nxc4 12. exf6 Nxe3 13. fxg7 Bxg7 14.
Rxg7 Nxd1 15. Qxd1 Be6 16. Nd4 Qd7 17. Qh5 c5 18. Nxe6 Qxe6 19. Nb5 Kf8 20. Rg4
Qc4 21. Rf4 Rd8 22. Nc7 Rd7 23. Nd5 Qxa2 24. Nf6 Re7 25. Nd5 Qa1+ 26. Kd2 Qa5+
27. c3 c4 28. Rf5 Qd8 29. Nxe7 Qxe7 30. e5 dxe5 31. Rxe5 Qd6+ 32. Rd5 Qf4+ 33.
Ke2 Qe4+ 34. Kf1 Qb1+ 35. Kg2 Qg6+ 36. Qxg6 fxg6 37. Rd7 Rg8 38. Rxb7 Rg7 39.
Rb8+ Kf7 40. Rc8 Kf6 41. Rxc4 Rb7 42. b4 Re7 43. b5 Re5 44. Rc6+ Re6 45. Rc8 a6
46. c4 axb5 47. cxb5 Rb6 48. Rc5 Ke6 49. f4 Kd6 50. Re5 g5 51. Kg3 gxf4+ 52.
Kxf4 Rb8 53. Rh5 Kc7 54. h4 Kb6 55. Rxh6+ Kxb5 56. h5 {
and White later won. Remaining moves unavailable.} 1-0

[Event "Mechanics' Fall TNM; G/2"]
[Site "San Francisco"]
[Date "2016.11.15"]
[Round "5.15"]
[White "Erickson, Lane Aus"]
[Black "Walters, Kevin"]
[Result "1/2-1/2"]
[WhiteElo "1558"]
[BlackElo "1864"]
[PlyCount "119"]
[EventDate "2016.??.??"]

1. Nf3 f5 2. d3 Nf6 3. e4 fxe4 4. dxe4 Nxe4 5. Bd3 Nf6 6. Ng5 d6 7. Bxh7 Rxh7
8. Nxh7 Be6 9. Nxf8 Kxf8 10. Qe2 Qd7 11. Nc3 Nc6 12. Be3 a6 13. O-O-O b5 14.
Bd4 Bg4 15. f3 Bh5 16. Bxf6 exf6 17. Rhe1 Re8 18. Qd3 Ne5 19. Qd5 Bg6 20. f4
Qf5 21. Qe4 Qg4 22. f5 Qg5+ 23. Kb1 Bxf5 24. Qb7 Qg6 25. Qxc7 Bxc2+ 26. Ka1
Bxd1 27. Qxd6+ Kg8 28. Rxd1 f5 29. Qxg6 Nxg6 30. Kb1 Kf7 31. Rd7+ Re7 32. Rd6
Re6 33. Rd7+ Re7 34. Rd6 b4 35. Nd5 Re1+ 36. Kc2 Re2+ 37. Kb3 a5 38. Rxg6 Rd2
39. Nf4 Rf2 40. Nh3 a4+ 41. Kxa4 Rxb2 42. Rg3 Rxa2+ 43. Kxb4 Kf6 44. Nf4 g5 45.
Nh3 g4 46. Kb3 Ra1 47. Nf2 Kg5 48. Rc3 Rg1 49. Rc2 Kh5 50. g3 Rg2 51. Nd3 Rg1
52. Kc4 Rf1 53. Kd4 Kg5 54. Ke5 Rf3 55. Nf4 Re3+ 56. Kd5 Re1 57. Rc6 Rd1+ 58.
Ke6 Re1+ 59. Kf7 Re7+ 60. Kxe7 1/2-1/2

[Event "Mechanics' Summer TNM; G/2"]
[Site "San Francisco"]
[Date "2016.07.05"]
[Round "7.25"]
[White "Erickson, Lane Austin"]
[Black "Donnelly, Patrick"]
[Result "1-0"]
[WhiteElo "1462"]
[BlackElo "1729"]
[PlyCount "79"]
[EventDate "2016.??.??"]

1. c4 Nf6 2. Nc3 g6 3. e4 d6 4. d4 Bg7 5. Nf3 O-O 6. Bd3 e5 7. d5 Na6 8. a3 Nc5
9. Bc2 a5 10. h3 Nh5 11. O-O Nf4 12. Be3 f5 13. Bxc5 dxc5 14. Rb1 fxe4 15. Nxe4
Nxh3+ 16. gxh3 Bxh3 17. Nfg5 Bxf1 18. Ne6 Qh4 19. Nxf8 Rxf8 20. Qxf1 Rf4 21. f3
g5 22. Qg2 g4 23. Qh2 Qxh2+ 24. Kxh2 Rxf3 25. Kg2 Bh6 26. Rf1 Rxf1 27. Kxf1 Bc1
28. Nxc5 b6 29. Nd3 Bf4 30. b4 axb4 31. Nxb4 h5 32. Be4 Bg5 33. Nc6 Bf6 34. c5
Kf7 35. Bf5 Be7 36. cxb6 cxb6 37. a4 Bd6 38. Ke2 Kf6 39. Be4 h4 40. Na7 1-0

[Event "Mechanics' Summer TNM; G/2"]
[Site "San Francisco"]
[Date "2016.06.21"]
[Round "5.28"]
[White "Erickson, Lane Austin"]
[Black "Morgan, Jerry Dugl"]
[Result "1-0"]
[WhiteElo "1462"]
[BlackElo "1652"]
[PlyCount "65"]
[EventDate "2016.??.??"]

1. c4 f5 2. Nc3 Nf6 3. g3 g6 4. Bg2 Bg7 5. d4 O-O 6. e4 fxe4 7. Nxe4 d6 8.
Nxf6+ Rxf6 9. Bg5 Rf8 10. Ne2 Qe8 11. Qb3 c6 12. O-O Na6 13. Qe3 Nb4 14. Rfc1
e5 15. a3 Na6 16. dxe5 Bxe5 17. Nc3 Nc5 18. Bh6 Rf7 19. f4 Nb3 20. fxe5 Qxe5
21. Qxe5 dxe5 22. Rd1 Bf5 23. h3 Nxa1 24. Rxa1 Rd7 25. Ne4 Kf7 26. Ng5+ Kg8 27.
g4 Bc2 28. Rf1 Rd1 29. Rxd1 Bxd1 30. b4 Bb3 31. Bf1 Bc2 32. c5 Re8 33. Bc4+ 1-0

[Event "Mechanics' Spring TNM; G/2"]
[Site "San Francisco"]
[Date "2016.04.12"]
[Round "5.25"]
[White "Flores Gomez, David"]
[Black "Bertot, German"]
[Result "1-0"]
[WhiteElo "1836"]
[BlackElo "1589"]
[PlyCount "48"]
[EventDate "2016.??.??"]

1. e4 e5 2. Nf3 Nc6 3. Bc4 Bc5 4. O-O Nf6 5. Re1 d6 6. c3 Bg4 7. a4 a6 8. Na3
O-O 9. b4 Ba7 10. Nc2 Re8 11. h3 Be6 12. Bf1 h6 13. d3 b5 14. Ne3 Ne7 15. Qc2
c5 16. axb5 axb5 17. Rxa7 Rxa7 18. bxc5 dxc5 19. Nxe5 Ra2 20. Qb1 Qa5 21. Nf3
b4 22. Nc4 Bxc4 23. dxc4 bxc3 24. Qb5 Rd8 {and...} 1-0

[Event "Mechanics' Spring TNM; G/2"]
[Site "San Francisco"]
[Date "2016.03.22"]
[Round "2.47"]
[White "Flores Gomez, David"]
[Black "Donnelly, Patrick"]
[Result "0-1"]
[WhiteElo "1836"]
[BlackElo "1505"]
[Annotator "Donaldson"]
[PlyCount "52"]
[EventDate "2016.??.??"]

1. e4 c5 2. Nf3 a6 3. d4 cxd4 4. Nxd4 e5 5. Nf3 Nc6 6. Bc4 Qa5+ 7. c3 b5 8. Bb3
Nf6 9. Ng5 Nd8 10. O-O Be7 11. Nd2 O-O 12. h3 Bb7 13. Re1 Ne6 14. Ngf3 Qc7 15.
a4 Nc5 16. Bc2 bxa4 17. g4 d5 18. exd5 Nxd5 19. Rxe5 Nf4 20. Rf5 Nxh3+ 21. Kf1
Bxf3 22. Qxf3 Qh2 23. Rh5 $2 (23. Qg2) 23... Qg1+ 24. Ke2 Rfe8 $4 (24... Ng5)
25. Qxh3 $4 {Diagram [#]} (25. Bxh7+ Kf8 26. Be4 $18) 25... Bh4+ $1 26. Ne4
Qxf2+ 0-1

[Event "Mechanics' Alan Benson TNM; G/2"]
[Site "San Francisco"]
[Date "2016.08.23"]
[Round "4.43"]
[White "Frank, Robert H"]
[Black "Cowgill, Jackie"]
[Result "1-0"]
[WhiteElo "1293"]
[BlackElo "991"]
[Annotator "Donaldson"]
[PlyCount "79"]
[EventDate "2016.??.??"]

1. d4 d5 2. Nf3 Nf6 3. e3 e6 4. Bd3 c5 5. c3 c4 6. Bc2 Be7 7. Nbd2 b5 8. e4
dxe4 9. Nxe4 Nbd7 10. O-O O-O 11. b4 Nd5 12. a4 a6 13. Bd2 Bb7 14. Re1 Qc7 15.
Neg5 N7f6 16. Qe2 Nf4 17. Qf1 Rfe8 18. a5 Rad8 19. Ne4 N4d5 20. Ne5 Nxe4 21.
Bxe4 Nf6 22. Bxb7 Qxb7 23. Re3 Ne4 24. Be1 Bg5 25. f4 Bf6 26. Qf3 Bxe5 $2 (
26... Nd6 $11) 27. fxe5 Qd5 28. Qxe4 f5 29. Qxd5 exd5 30. h4 Re6 31. Rf3 Rf8
32. h5 h6 33. Kh2 Rf7 34. Bd2 Rf8 35. Raf1 g6 36. hxg6 Rxg6 37. Rxf5 Rxf5 38.
Rxf5 Kg7 39. Kh3 Kg8 40. g4 1-0

[Event "Mechanics' Fall TNM; G/2"]
[Site "San Francisco"]
[Date "2016.12.13"]
[Round "9.39"]
[White "Frank, Robert H"]
[Black "Cowgill, Jackie"]
[Result "1-0"]
[WhiteElo "1269"]
[BlackElo "936"]
[PlyCount "67"]
[EventDate "2016.??.??"]

1. d4 d5 2. Nf3 Nf6 3. e3 e6 4. Bd3 Be7 5. Nbd2 O-O 6. e4 c5 7. dxc5 Bxc5 8.
O-O dxe4 9. Nxe4 Nxe4 10. Bxe4 Qc7 11. Qe2 Nd7 12. Bg5 Ne5 13. Nxe5 f5 14. Bd3
Bd4 15. Nf3 Bf6 16. c3 Bd7 17. Rfe1 Rae8 18. Bxf6 Rxf6 19. Bb5 a6 20. Bxd7 Qxd7
21. Rad1 Qc7 22. Ne5 Rh6 23. Rd7 Qb8 24. Red1 g6 25. Nf3 b5 26. R1d6 g5 27. Qe5
Rg6 28. Qd4 Qa8 29. Rd8 Qe4 30. Rxe8+ Kf7 31. Rd7+ Kxe8 32. Rd8+ Ke7 33. Qd7+
Kf6 34. Rf8# 1-0

[Event "Mechanics' Summer TNM; G/2"]
[Site "San Francisco"]
[Date "2016.06.21"]
[Round "5.30"]
[White "Frank, Robert H"]
[Black "Drane, Robert W"]
[Result "0-1"]
[WhiteElo "1261"]
[BlackElo "2012"]
[PlyCount "88"]
[EventDate "2016.??.??"]

1. d4 f5 2. e4 fxe4 3. Nc3 Nf6 4. Bg5 c6 5. Bxf6 exf6 6. Nxe4 d5 7. Ng3 Be6 8.
Bd3 Qb6 9. Qe2 Kf7 10. c3 g6 11. h4 h5 12. Qc2 Rg8 13. O-O-O c5 14. Nh3 cxd4
15. cxd4 Na6 16. Qb3 Nb4 17. Kb1 Bd6 18. a3 Bxg3 19. axb4 Bd6 20. g3 a5 21. b5
a4 22. Qa2 a3 23. Nf4 Bxf4 24. gxf4 axb2 25. Qxb2 Bg4 26. Rd2 Ra5 27. Qb3 Bf3
28. Rg1 Be4 29. Bxe4 Rxb5 30. Bxd5+ Kg7 31. Bxg8 Rxb3+ 32. Bxb3 Qxb3+ 33. Kc1
Qc3+ 34. Kd1 Qa1+ 35. Ke2 Qxg1 36. d5 Kf7 37. d6 Ke8 38. Ke3 Qg4 39. Re2 Kd7
40. Rd2 Qxh4 41. Ke4 Qg4 42. Rd5 Qg2+ 43. Kd4 Qxf2+ 44. Ke4 h4 0-1

[Event "Mechanics' Winter TNM; G/2"]
[Site "San Francisco"]
[Date "2016.01.19"]
[Round "3.45"]
[White "Frank, Robert H"]
[Black "Enkh, Tergelsar"]
[Result "0-1"]
[WhiteElo "1319"]
[BlackElo "1038"]
[PlyCount "74"]
[EventDate "2016.??.??"]

1. d4 d5 2. Nf3 Nf6 3. e3 Bg4 4. h3 Bh5 5. c4 e6 6. cxd5 exd5 7. Nbd2 Bb4 8. a3
Bxd2+ 9. Bxd2 a6 10. Be2 Nc6 11. O-O Ne4 12. Rc1 Qf6 13. Nh2 Bxe2 14. Qxe2
O-O-O 15. f3 $2 Ng3 16. Qf2 Nxf1 17. Nxf1 g5 18. b4 h5 19. f4 g4 20. h4 Rdg8
21. g3 Rh6 22. a4 Qf5 23. b5 axb5 24. axb5 Nd8 25. Ba5 Ne6 26. b6 c6 27. Nd2
Re8 28. Nb3 Qe4 29. Nc5 Nxc5 30. Rxc5 Qxe3 31. Bd2 Qxf2+ 32. Kxf2 Rhe6 33. Kf1
Re2 34. Ba5 Ra2 35. Bb4 Ree2 36. Ba5 Reb2 37. Ke1 Ra1+ 0-1

[Event "Mechanics' Alan Benson TNM; G/2"]
[Site "San Francisco"]
[Date "2016.08.09"]
[Round "2.36"]
[White "Frank, Robert H"]
[Black "Hack, Richard"]
[Result "0-1"]
[WhiteElo "1293"]
[BlackElo "1611"]
[PlyCount "66"]
[EventDate "2016.??.??"]

1. d4 f5 2. e4 fxe4 3. Nc3 Nf6 4. Bg5 Nc6 5. d5 Ne5 6. Qd4 Nf7 7. Bxf6 exf6 8.
Qxe4+ Qe7 9. Qxe7+ Bxe7 10. O-O-O Nd6 11. Re1 b6 12. g4 Kf7 13. Bg2 Ba6 14. Bf1
Bxf1 15. Rxf1 Rae8 16. Nge2 Nc4 17. Rd1 Bc5 18. Nd4 a6 19. f4 Ne3 20. Rd2 Nxg4
21. Rhd1 Ne3 22. Rh1 Bb4 23. Nde2 Nf5 24. a3 Bc5 25. Kd1 Re3 26. b4 Bd6 27. Nb1
Rf3 28. Nd4 Nxd4 29. Rxd4 Rxf4 30. Rxf4 Bxf4 31. h4 Re8 32. Re1 Rxe1+ 33. Kxe1
Bg3+ 0-1

[Event "Mechanics' Fall TNM; G/2"]
[Site "San Francisco"]
[Date "2016.10.25"]
[Round "2.25"]
[White "Frank, Robert H"]
[Black "Jensen, Christian"]
[Result "0-1"]
[WhiteElo "1269"]
[BlackElo "1799"]
[PlyCount "80"]
[EventDate "2016.??.??"]

1. d4 Nf6 2. Nf3 g6 3. g3 Bg7 4. Bg2 O-O 5. O-O d6 6. c3 Nbd7 7. Qd3 c5 8. e4
cxd4 9. cxd4 Rb8 10. Nc3 a6 11. a4 e5 12. dxe5 dxe5 13. Rd1 Qe7 14. Qd6 Re8 15.
Qxe7 Rxe7 16. Bg5 h6 17. Bxf6 Nxf6 18. Rd8+ Re8 19. Rad1 Bg4 20. Rxb8 Rxb8 21.
h3 Be6 22. Nxe5 Nxe4 23. Bxe4 Bxe5 24. h4 Kf8 25. Rc1 b5 26. axb5 axb5 27. Ra1
b4 28. Nd1 Bb3 29. Rb1 Rd8 30. Ne3 Rd2 31. Ng4 Bxb2 32. Kf1 Ba2 33. Re1 f5 34.
Nxh6 fxe4 35. Rxe4 Bc3 36. Re3 Rd1+ 37. Ke2 Re1+ 38. Kd3 Rxe3+ 39. fxe3 Be6 40.
Kc2 Kg7 0-1

[Event "Mechanics' Spring TNM; G/2"]
[Site "San Francisco"]
[Date "2016.03.29"]
[Round "3.30"]
[White "Frank, Robert H"]
[Black "Lesquillier, Walter"]
[Result "0-1"]
[WhiteElo "1319"]
[BlackElo "1729"]
[PlyCount "38"]
[EventDate "2016.??.??"]

1. d4 Nf6 2. Nf3 c5 3. c3 e6 4. e3 Nc6 5. Bd3 Be7 6. O-O d5 7. Nbd2 Qc7 8. e4
dxe4 9. Nxe4 b6 10. Nxf6+ Bxf6 11. Bg5 Be7 12. Bxe7 Qxe7 13. Bb5 Bd7 14. Ne5 $4
Nxe5 15. Bxd7+ Nxd7 16. d5 Nf6 17. Qa4+ Qd7 18. Qxd7+ Kxd7 19. dxe6+ Kxe6 0-1

[Event "Mechanics' Summer TNM; G/2"]
[Site "San Francisco"]
[Date "2016.05.24"]
[Round "1.19"]
[White "Frank, Robert H"]
[Black "Mays, Jerry L"]
[Result "0-1"]
[WhiteElo "1261"]
[BlackElo "1945"]
[PlyCount "74"]
[EventDate "2016.??.??"]

1. d4 g6 2. Nf3 Bg7 3. Bg5 c5 4. c3 Qb6 5. Qd2 Nc6 6. d5 Ne5 7. Nxe5 Bxe5 8. e4
d6 9. a4 a6 10. Na3 Qc7 11. Nc4 Bg7 12. a5 Nf6 13. Bd3 O-O 14. O-O Ng4 15. h3
Ne5 16. Nxe5 Bxe5 17. f4 Bg7 18. f5 c4 19. Bc2 b5 20. axb6 Qxb6+ 21. Be3 Qxb2
22. Rfb1 Qxc3 23. Qxc3 Bxc3 24. Ra4 Be5 25. Rxc4 Bd7 26. g4 Bb5 27. Rcb4 Rac8
28. Rc1 Rc3 29. Bd4 Bxd4+ 30. Rxd4 Rfc8 31. Rd2 Rxh3 32. Kg2 Rhc3 33. Kf2 Ba4
34. Bxa4 Rxc1 35. Bc6 Rb8 36. Ra2 Rc3 37. Rxa6 Rb2+ 0-1

[Event "Mechanics' Winter TNM; G/2"]
[Site "San Francisco"]
[Date "2016.01.05"]
[Round "1.26"]
[White "Frank, Robert H"]
[Black "Melville, Cailen"]
[Result "0-1"]
[WhiteElo "1319"]
[BlackElo "1861"]
[Annotator "Donaldson"]
[PlyCount "58"]
[EventDate "2016.??.??"]

1. d4 e6 2. e3 f5 3. Nf3 Nf6 4. c4 b6 5. Nc3 Bb4 6. a3 Bxc3+ 7. bxc3 Ba6 8. a4
Nc6 9. Ba3 d6 10. Bd3 O-O 11. O-O Na5 12. Nd2 Re8 13. Bb4 d5 14. Bxa5 bxa5 15.
Qe2 Ne4 16. Bxe4 fxe4 17. f4 exf3 18. Rxf3 dxc4 {Diagram #} 19. Nxc4 $2 (19.
Raf1 $1) 19... Qd5 20. e4 Bxc4 21. Qc2 Bb3 22. Qd3 Qc6 23. d5 exd5 24. exd5
Bxd5 25. Rf2 Re6 26. Qd4 Rae8 27. Kf1 Bc4+ 28. Kg1 Re1+ 29. Rxe1 Rxe1+ 0-1

[Event "Mechanics' Fall TNM; G/2"]
[Site "San Francisco"]
[Date "2016.12.06"]
[Round "8.33"]
[White "Frank, Robert H"]
[Black "Melville, Cailen"]
[Result "0-1"]
[WhiteElo "1269"]
[BlackElo "1872"]
[PlyCount "28"]
[EventDate "2016.??.??"]

1. d4 e6 2. e4 d5 3. e5 c5 4. c3 Qb6 5. Nf3 Nc6 6. dxc5 Bxc5 7. Qc2 Nge7 8. b4
Bxb4 9. cxb4 Nxb4 10. Qe2 Bd7 11. a3 Rc8 12. Qb2 Nc2+ 13. Kd1 Nxa1 14. Qxa1
Qb3+ 0-1

[Event "Mechanics' Fall TNM; G/2"]
[Site "San Francisco"]
[Date "2016.11.08"]
[Round "4.42"]
[White "Frank, Robert H"]
[Black "Otterbach, Renate"]
[Result "1-0"]
[WhiteElo "1269"]
[BlackElo "991"]
[PlyCount "57"]
[EventDate "2016.??.??"]

1. d4 d5 2. Nf3 Bf5 3. e3 Nf6 4. c4 e6 5. Nh4 Bg4 6. Nf3 Be7 7. h3 Bh5 8. c5
Nbd7 9. b4 c6 10. Be2 Ne4 11. Bb2 b6 12. Nbd2 Ndf6 13. Ne5 Bxe2 14. Qxe2 Qc7
15. O-O Nd7 16. Nxd7 Qxd7 17. Nxe4 dxe4 18. Qg4 Bf6 19. Qxe4 bxc5 20. bxc5 Rb8
21. Rab1 O-O 22. Bc3 Qc7 23. Rb3 Rxb3 24. axb3 Re8 25. f4 Qb8 26. Qxc6 g6 27.
b4 Bg7 28. g4 Re7 29. Qf3 {and White went on to win. Remaing moves unavailable.
} 1-0

[Event "Mechanics' Spring TNM; G/2"]
[Site "San Francisco"]
[Date "2016.04.12"]
[Round "5.45"]
[White "Frank, Robert H"]
[Black "Simpkins, Jerry"]
[Result "0-1"]
[WhiteElo "1319"]
[BlackElo "1512"]
[PlyCount "92"]
[EventDate "2016.??.??"]

1. d4 e5 2. dxe5 Nc6 3. Nf3 Qe7 4. Bf4 Qb4+ 5. Bd2 Qxb2 6. Nc3 Nb4 7. Rc1 Nxa2
8. Nxa2 Qxa2 9. e4 Qe6 10. Bd3 d6 11. exd6 Bxd6 12. Qe2 Bc5 13. Bc4 Qg4 14. O-O
Be6 15. Bxe6 Qxe6 16. Qb5+ Qc6 17. Qxc6+ bxc6 18. Bc3 f6 19. Rfd1 Nh6 20. e5
Ng4 21. Rd2 Rf8 22. exf6 Nxf6 23. Re1+ Kf7 24. Ng5+ Kg8 25. Ne6 Rfe8 26. Rde2
Bd6 27. Bxf6 gxf6 28. Nd4 Rxe2 29. Rxe2 c5 30. Nf5 Kf7 31. h4 a5 32. Re4 a4 33.
Nxd6+ cxd6 34. Re1 a3 35. Ra1 a2 36. Kf1 Ke6 37. Ke2 Kd5 38. Kd3 c4+ 39. Kc3
Kc5 40. g4 d5 41. Kb2 d4 42. c3 d3 43. Kc1 Re8 44. Kd1 Re2 45. f4 Rb2 46. Kc1
Rf2 0-1

[Event "Mechanics' Alan Benson TNM; G/2"]
[Site "San Francisco"]
[Date "2016.09.20"]
[Round "8.42"]
[White "Frank, Robert H"]
[Black "Valente, Marty J"]
[Result "1-0"]
[WhiteElo "1293"]
[BlackElo "1168"]
[PlyCount "31"]
[EventDate "2016.??.??"]

1. d4 Nf6 2. Nf3 e6 3. e3 d5 4. Bd3 Nbd7 5. Nbd2 b6 6. e4 dxe4 7. Nxe4 Bb7 8.
Nxf6+ Nxf6 9. O-O Be7 10. Re1 Bxf3 11. gxf3 Qxd4 $4 12. Bb5+ Kf8 13. Qxd4 Rd8
14. Qa4 a5 15. Bf4 Nd5 16. Bg3 1-0

[Event "Mechanics' Winter TNM; G/2"]
[Site "San Francisco"]
[Date "2016.02.23"]
[Round "8.2"]
[White "Fuentes, Romulo C"]
[Black "Critelli, James Ma"]
[Result "0-1"]
[WhiteElo "2208"]
[BlackElo "2366"]
[PlyCount "78"]
[EventDate "2016.??.??"]

1. e4 c5 2. Nf3 d6 3. d4 cxd4 4. Nxd4 Nf6 5. Nc3 a6 6. Bg5 e6 7. f4 Qb6 8. a3
Nc6 9. Nb3 Be7 10. Qf3 Qc7 11. O-O-O Rb8 12. g4 b5 13. Bxf6 Bxf6 14. g5 Be7 15.
Rg1 O-O 16. Rg3 g6 17. Nd4 Nxd4 18. Rxd4 Qc5 19. Qd1 Bb7 20. f5 Rfc8 21. Bh3
Qe5 22. Rdd3 Re8 23. f6 Bf8 24. Bg2 a5 25. Qg4 b4 26. axb4 axb4 27. Nd1 Ra8 28.
Rh3 h6 29. Qg3 Ra1+ 30. Kd2 Qa5 31. Rb3 Rc8 32. gxh6 Kh7 33. Qe3 Ba6 34. Bf3
Bc4 35. Be2 Bxb3 36. cxb3 Qe5 37. Bc4 Rc5 38. Kc2 Rca5 39. Nf2 {Diagram #}
Qxb2+ $1 0-1